00553nam a2200181 a 45000010010000000030011000100080041000210350026000620820014000881000021001022450039001232600053001626500019002159420012002349520090002469980020003369990015003560000-8529ELIB.Books110520 1970  a(ELIB.Books)0000-8674 a279 bWin aWinter, Ralph D. aThe Twenty five Unbelievable Years bSouth Pasadena: The William carey Library c1970 aChurch History 2ddccBK 00102ddc4070aKBTSbKBTSd2011-05-20l0p3218r2022-01-22 00:00:00w2022-01-22yBK cbate2011-05-20 c8529d8529